000 01651cam a2200469 a 4500
001 20721
003 VRT
005 20260130142252.0
008 240226s1997 xo gra 000 f slo
015 _aSNBA1998/03-00909
020 _a8022007773
035 _aSNK000125150
035 _aurn:nbn:sk:snk-amkew3
035 _aurn:nbn:sk:snk-am008g4x
035 _a4C67B41D-24B8-43CA-8D9A-F229DCD6DE2D
039 9 _a202406290731
_bcsnk01
_c202402261825
_dVLOAD
_c202205120755
_dVLOAD
_c202008101632
_dAUTHORITY
040 _aSNK
_bslo
_cSNK
_eAACR2
041 1 _aslo
_heng
044 _axo
_cSK
072 7 _a821.111-3
_xAnglická próza, anglicky písaná
_2konspekt
080 _a821.111-31
_22011
100 1 _aFrancis, Dick,
_d1920-2010
_4aut
240 1 0 _aTrial run
_lSlovensky
245 1 0 _aTest
_cDick Francis ; preklad Rudolf Lesňák
250 _a1. vyd.
260 _aBratislava
_bSlovenský spisovateľ
_c1997
300 _a173 s.
_c21 cm
490 1 _aZelená knižnica
500 _aPreložené z angličtiny
655 7 _aanglické romány
_2SNKPH
655 7 _adetektívne romány
_2SNKPH
700 1 _aLesňák, Rudolf,
_d1955-
_4trl
830 0 _aZelená knižnica
942 _2ddc
_cKLDO
_n0
949 _6273K0214050
_asvkpoA 171703
_bsvkpo427904
949 _64710700348
_astrmkB
_bstrmk2008/348
949 _6270001000004661
_asvkbbA 95326
_p614.524
949 _617A0100838
_9P60, <03>, [BOOK], {603}
_asnkSC 94268
_bsnkKSP 10735/97
_s6100:20140925
949 _617A0100839
_9P60, <05>, [BOOK], {605}
_asnkSC 94268 D1
_bsnkKSP 10736/97
999 _c20721
_d20721